| 000 | 02105nam0a2200385 4500 | ||
|---|---|---|---|
| 001 | RU\NLR\bibl\32396 | ||
| 005 | 20260406152949.0 | ||
| 010 |
_a5-88242-088-1 _91000 |
||
| 021 |
_aRU _b99-32104 _90708 |
||
| 035 | _a(NLR Aleph) 000031569 | ||
| 090 |
_a158451 _c158451 |
||
| 100 | _a19990609d1998 |||y0rusy50 ca | ||
| 101 | 0 |
_arus _deng _eeng |
|
| 102 | _aRU | ||
| 105 | _aa ||||||||| | ||
| 200 | 1 |
_aЧеловек-оператор и алкогольный стресс _dThe man-operator and alcoholic stress _e(Медицина труда при острой алкогол. интоксикации) _fИ.Б. Ушаков, С.В. Еремин, В.И. Попов и др. _gРос. акад. мед. наук, Рос. экол. акад., Междунар. акад. наук _zeng |
|
| 210 |
_aВоронеж _cИстоки _d1998 |
||
| 215 |
_a152 с. _cил., портр. _d21 |
||
| 300 | _aАвт. также на англ. яз.: I.B. Ushakov, S.V. Yeremin, V.I. Popov et al | ||
| 300 | _aВ конце текста авт.: Ушаков И.Б. - д.м.н., проф., лауреат премии Совета Министров, Еремин, С.В. - к.т.н., проф., лауреат премии Совета Министров, Попов В.И. - к.м.н., доц. и др. | ||
| 320 | _aБиблиогр.: с. 124-139 | ||
| 510 | 0 |
_aNhe man-operator and alcoholic stress _zeng |
|
| 606 | 0 |
_aОтравления алкоголем у операторов _92094701 _3RU\NLR\auth\661267503 |
|
| 606 | 0 |
_aОператоры _xОтравления алкоголем _92094705 _3RU\NLR\auth\661267506 |
|
| 606 | 0 |
_aОператоры _xГигиена труда _9917182 _3RU\NLR\auth\6616491 |
|
| 686 | _aР124.085 | ||
| 686 | _aР419.451.1 | ||
| 701 | 1 |
_4070 _8rus _7ca _aУшаков _bИ. Б. _cд-р мед. наук _f1954- _gИгорь Борисович _3RU\NLR\auth\776210 _9116165 |
|
| 701 | 1 |
_aЕремин _bС. В. _4070 |
|
| 801 | 0 |
_aRU _bNLR _c19990609 _gPSBO |
|
| 801 | 1 |
_aRU _bNLR _c19990609 |
|
| 852 |
_aNLR _j99-3/4686 |
||
| 942 | _cBOOK | ||
| 980 | _aNB | ||